000 00837nam a2200205 a 4500
008 120416s1993 ||||||||||||||||| || u
020 _a9976601891
050 _aHB 615 Gra
100 _aGran, Thorvald
245 1 0 _aAid and entrepreneurship in Tanzania
246 _athe Norwegian Development Agency's contribution to entrepreneurial mobilization in the public sector in Tanzania /
260 _aDar es Salaam :
_bDar es Salaam University Press
_c1993.
300 _axi, 154 p. ill.
350 _a0.00
500 _aIncludes bibliography.
650 _aECONOMIC ASSISTANCE, NORWEGIAN--TANZANIA
650 _aNORWAY
650 _aENTREPRENEURSHIP--TANZANIA
995 _D0.00
_FCBU-MAIN LIBRARY (Kitwe)
_H1
_I8.95
_M1
_UAVAILABLE
_WOct 9, 2006
_ZMain Library Open Access Collection
999 _c33996
_d33996